| 000 | 01353nam a2200385 i 4500 | ||
|---|---|---|---|
| 001 | 195799 | ||
| 003 | SpMaBN | ||
| 005 | 20250825062654.0 | ||
| 008 | 250302s2021 sp a | |||| 000 0 spa | ||
| 015 | _aMON21 | ||
| 017 |
_aM 30852-2021 _bOficina Depósito Legal Madrid |
||
| 020 | _a9788429025576 | ||
| 035 | _aa7023415 | ||
| 040 |
_aSpMaBN _bspa _cSpMaBN _erda _dES-MaACL |
||
| 080 | _a791(049.32) | ||
| 080 | _a791(083.97) | ||
| 100 | 0 |
_aRogel Vide, Carlos _998924 _eaut |
|
| 245 | 1 | 4 |
_aLos Oscars de Hollywood en los prospectos de cine / _cCarlos R. Vide. |
| 250 | _a1ª edición, Reus, S.A. (noviembre, 2021) | ||
| 264 | 1 |
_aMadrid : _bReus Editorial, _c2021. |
|
| 300 |
_a154 páginas : _bilustraciones (color) ; _c30 cm. |
||
| 336 |
_aTexto _2rdacontent |
||
| 337 |
_asin mediación _2rdamedia |
||
| 338 |
_avolumen _2rdacarrier |
||
| 490 | 0 |
_aOtium _v1 |
|
| 650 | 4 |
_aCine- _vCríticas _2embne _911020 |
|
| 650 | 0 |
_aCine- _xProgramas _2embne _9237524 |
|
| 655 | 7 |
_2tgfbne _aLibros ilustrados _9193653 |
|
| 852 |
_aES-MaACL _bR.153530 _cDEPOJ _jN-8810 _hDonación: Editorial _xEncuadernación rústica _9204657 |
||
| 914 |
_aEditorial Reus _ednr |
||
| 942 |
_cMONOGRAFIA _n0 |
||
| 999 |
_c195799 _d195799 |
||